000 01220nam a2200217Ia 4500
003 Ost
005 20260507074930.0
008 260507s9999||||xx |||||||||||||| ||und||
040 _cfsecg
041 _aara
082 _a600
100 _aمساعدة، ماجد عبد المهدي
_eمؤلف
245 0 _aالسلوك التنظيمي /
_c ماجد عبد المهدي مساعدة
260 _aعمان:
_bدار المسيرة للنشر,
_c2016
300 _a399 صفحة؛
_bإيضاحات ؛
_c25 سم
504 _aبيبليوغرافيا: ص.398-399
520 _aيتناول السلوك الانساني،السلوك التنظيمي،النظريات الإدارية والسلوك التنظيمي،الشخصية،الإدراك،الاتجاهات،القيم،التعلم،ضغوط العمل،الدافعية والحفز الانساني،جماعات العمل الهيكل التنظيمي،القيادة،الاتصال،البيئة التنظيمية،الثقافة التنظيمية،التغيير والتطوير التنظيمي،الصراع التنظيمي،الإبداع التنظيمي
653 _aالادارة
653 _aالتنظيم
942 _cكتاب
999 _c41849
_d41849